|
|
|
|
| LEADER |
01262aam a22003018a 4500 |
| 001 |
00029177 |
| 005 |
20171026081022.0 |
| 008 |
120514s2009 ||||||viesd |
| 020 |
|
|
|c 79000
|
| 041 |
0 |
# |
|a vie
|
| 082 |
1 |
4 |
|a 657.076
|b K250T
|
| 245 |
0 |
0 |
|a Kế toán tài chính - Hướng dẫn trả lời lý thuyết và giải bài tập tình huống theo chuẩn mực kế toán Việt Nam, Luật kế toán Việt Nam
|b Dùng cho cán bộ, học sinh và sinh viên các trường đại học, cao đẳng
|c Trương Thị Thủy...[và nh. ng. khác]
|
| 260 |
# |
# |
|a Hà Nội
|b Tài Chính
|c 2009
|
| 300 |
# |
# |
|a 548tr.
|b hình vẽ
|c 24cm.
|
| 500 |
# |
# |
|a ĐTTS ghi: Học viện tài chính
|
| 650 |
# |
4 |
|a Kế toán
|x bài tập
|
| 653 |
# |
# |
|a Kinh tế
|
| 653 |
# |
# |
|a Kế toán tài chính
|
| 700 |
1 |
# |
|a Thái, Bá Công
|
| 700 |
1 |
# |
|a Trương, Thị Thùy
|e chủ biên
|
| 710 |
2 |
# |
|a Học viện tài chính
|
| 852 |
# |
# |
|b Kho mượn
|j KM.0014015
|
| 852 |
# |
# |
|b Kho đọc
|j KD.0013564
|
| 852 |
# |
# |
|j KM.0014015
|j KD.0013564
|
| 910 |
|
|
|d 14/05/2012
|
| 980 |
# |
# |
|a Trung tâm Học liệu Lê Vũ Hùng, Trường Đại học Đồng Tháp
|